000 00388nam a2200145Ia 4500
008 211109s9999||||xx |||||||||||||| ||und||
082 _a894.812
_bSUR-N
100 _aK Surendran,
245 0 _aNovelsiyaroopam
260 _bSahithya Pravarthaka...
_aKottayam
_c1900
300 _a244p.
630 _xGeneral Stack
650 _aMALAYALAM LITERATURE
_vLITERATUREMalayalam
942 _cBOOK
999 _c92445
_d92445